000 00199nam a2200073Ia 4500
008 170817s9999 xx 000 0 und d
100 _aAggarwal.J.C
245 0 _aSuchana Evam Sampreshan Takniqee
260 _bVinod Pustak Mandir Agara
999 _c39613
_d39613